000 00972nam a22003017a 4500
003 CHAP
005 20220329141117.0
008 971014s1841 r 00010 d
010 _a62740
011 _a63712
035 _a67889
040 _cCHAP
082 _a342.726
_bY6
110 _aYucatán. Constitución.
_9123328
245 _aConstitución política del estado de Yucatán sancionada en 31 de marzo de 1841
260 _aMérida :
_bImprenta de José Dolores Espinosa,
_c1841
300 _a38 p.
501 _aEnc. con otros impresos similares
590 _aBATCH-UPD
_b10
_c20130110
_lUCH01
_h0715
590 _aBATCH-UPD
_b10
_c20130110
_lUCH01
_h2341
590 _aBATCH-UPD
_b10
_c20130410
_lUCH01
_h1629
590 _aBATCH-UPD
_b10
_c20130914
_lUCH01
_h2140
590 _aCONVERSION
_b10
_c20130109
_lUCH01
_h1334
650 1 4 _aYucatán
_xConstitución.
_9123318
901 _aBK
942 _cLIBRO
949 _a342.726 Y6
_bBC
_cBPP
_d-154593
_eBPP
_i67889
_si
999 _c62740
_d62740